000 00828nam a2200217Ia 4500
001 17062
003 GE_BSU
008 181216s||||||||xx |||||||||||||| ||und||
040 _cGE_BSU
080 _a821.353.1-1
245 _aაფხაზეთო გამარჯობა შენი!
245 _bქართველი პოეტების ლექსები აფხაზეთზე
245 _cშემდგ: ბესიკ ადეიშვილი
260 _aთბილისი
260 _bნაკადული
260 _c1969
300 _a138გვ. ; 16სმ
653 _aაფხაზეთო გამარჯობა შენი!
653 _aქართველი პოეტების ლექსები აფხაზეთზე
942 _cBK
999 _c50124
_d50124